01013nam a22002777a 450000500170000001000150001702000270003203500140005903700130007308200150008610000330010124500700013426000350020427000370023930000210027670000410029770000320033870000310037070000350040170000350043670000420047170000460051394200260055999900190058595201310060420240306152224.0 aENG-139552 a9789383243242c2800.00 aEN-123084 bDBAD/PUB a759.954b1 aDallapiccola, anna L.962880 aThanjavur's glided gods/cAnna L. dallapiccola...(et.al)hEnglish aMumbaibRadhika sabavalac2018 a148, M.G. road, bMumbaie400001 a180p.c30cm(HBK) aDallapiccola, anna L.962874eAuthor aKuldip singh962875eAuthor aR. G. singheAuthor962881 aJain, jyotindraeEditor962882 aAhuja, naman P.eEditor962883 aNambiar, JyotsnaeAsst. Editor962884 aVasudevan, mrinalinieAsst. editor962885 cENh759.9542ddcmDAL c201261d201261 001040718REFaAVbAVd2024-03-06eDBADg2800.00l0o759.954 DALpEN-123084r2024-03-06 00:00:00t1v2800.00w2024-03-06yEN